000 01720nam2a2200277 4500
001 rc\3036372
005 20260315065345.0
035 _a(NLR Aleph) 007176977
090 _a13622090
_c13622090
100 _a20111006d1941 u y0rusy50 ca
101 0 _arus
102 _aRU
105 _aa z |||||
200 1 _aЖилой дом на две 2-хкомнатные квартиры
_e(стены рубленые)
_f[Автор проекта арх. С.А. Короткова]
_g[Автор переработки В.Н. Воронин]
_g[Смету сост. Коган]
210 _d1941
215 _a4 л. ил. и черт., "Поясн. записка", "Смета", 8, 10 с.
_cил., черт.
300 _aБез тит. л.
461 0 _1001rc\3036371
_12001#$aˆ[‰Типовой] проект сельскохозяйственного строительства [на 1941 год]$h[Серия 23]$i[Жилищно-коммунальные постройки]$fСельхозстройпроект$v№ 2306
_97403019
_cМосква
_d1941
_fСельхозстройпроект
_h[Серия 23]
_i[Жилищно-коммунальные постройки]
_nСельхозстройпроект НКЗ СССР
_tˆ[‰Типовой] проект сельскохозяйственного строительства [на 1941 год]
_v№ 2306
702 1 _aКороткова
_bС.А.
_gСофья Андреевна
_4570
702 1 _aВоронин
_bВ.Н.
_gВладимир Николаевич
_4570
702 1 _aКоган
_bА.И.
_gАбрам Иосифович
_4570
801 0 _aRU
_bNLR
_gpsbo
801 1 _aRU
_bELAR
_2rusmarc
852 _aNLR
_jТ80 Г-8/8(2306)
942 _cUNSPEC
980 _aNB